000 00769nam a2200217Ii 4500
003 JO-AjNU
008 230605s9999||||xx |||||||||||||| ||und||
017 _a2007/6/1856
040 _aJO-AjNU
_bara
_erda
_cJO-AjNU
041 _aara
050 1 4 _aKBP440.32.A22.K83.2007
100 3 _a الكوفحي ، ماجد عبد المجيد,
_eauthor
_949250
245 0 0 _aالقواعد الفقهية الكلية في الشريعة الإسلامية : دراسة قانونية و أكاديمية
250 _aط1
264 3 1 _aد ، م : د ، ن ،2007
300 _a140ص
336 _atext
_btxt
_2rdacontent
337 _aunmediated
_bn
_2rdamedia
338 _avolume
_bnc
_2rdacarrier
650 4 _aاصول الفقه الاسلامي -- مصادر
_949251
999 _aA21620
_c25188
_d25188